000 00576nas a2200205 4500
001 BR9600646
003 BR-BrBNA
005 20231205094645.0
007 ta
008 230509b bl.|||p| |||| 00| 00por d
040 _aBR-BrBNA
_bpor
_cBiblioteca Nacional de Agricultura
041 _a(Pt)
072 _aE16
100 1 _aRego, P.G.
245 1 _aCustos de producao: enfoque gerencial
650 _aCusto de Producao
773 0 _tRevista Batavo (Brazil)
_x
_g(Oct 1995), v. 4(48) p. 12-13
_wBR9600646
909 _a202311
_bLúcia
_c55
_dLúcia Elande
942 _2AGRIS
_n0
_cANA
999 _c145931
_d145931